000 00561nam a22001937a 4500
005 20250519142250.0
010 _aENG-144964
020 _a9788123710310
_c75.00
035 _aEN-128496
037 _bDBAD
082 _a641.405
100 _aDUBE, S.C.
_981266
245 _aINDIAN SOCIETY/
_cS.C.DUBE
250 _aFIRST
260 _aNew Delhi
_bNational Book Trust-II
_c1990
270 _aNehru Bhawan, 5 Institutional Area,Phase-II Vasant Kunj,
_bNew Delhi
_e110070
300 _avi,147 P
_c23(PB)
942 _2ddc
_cEN
_h641.405
_mDUB
999 _c211338
_d211338